000 00607cam a2200217 4500
008 000000n2000 000 0 eng u
020 _a0406937621
035 _a(Sirsi) u111336
050 _a340.02
245 _aButterworths clause bank (clauses for deeds and agreements).
260 _aLondon
_bButterworths
_c2000
300 _a1102p. ; 25cm.
350 _a99.00
520 _aMore than 4,000 practice-specific model clauses derived from precedents.
650 _aLEGAL FORMS
650 _aPRECEDENTS
650 _aMODEL CLAUSES
650 _aAGREEMENTS
690 _aLAW-UK
942 _n0
999 _c101223
_d101223